<?xml version="1.0" encoding="UTF-8"?>
<collection xmlns:xsi="http://www.w3.org/2001/XMLSchema-instance" xsi:schemaLocation="http://www.loc.gov/MARC21/slim http://www.loc.gov/standards/marcxml/schema/MARC21slim.xsd" xmlns="http://www.loc.gov/MARC21/slim">
 <record>
  <leader>00000cam a22000004a 4500</leader>
  <controlfield tag="001">UP-99796217604437780</controlfield>
  <controlfield tag="003">Buklod</controlfield>
  <controlfield tag="005">20250116162224.0</controlfield>
  <controlfield tag="006">ta    r     ||| u </controlfield>
  <controlfield tag="007">ta</controlfield>
  <controlfield tag="008">250116s1973    ph      r     000 p eng d</controlfield>
  <datafield tag="035" ind1=" " ind2=" ">
   <subfield code="a">(iLib)UPD-00000262507</subfield>
  </datafield>
  <datafield tag="040" ind1=" " ind2=" ">
   <subfield code="a">DMLF</subfield>
   <subfield code="e">rda</subfield>
  </datafield>
  <datafield tag="041" ind1=" " ind2=" ">
   <subfield code="a">eng</subfield>
  </datafield>
  <datafield tag="042" ind1=" " ind2=" ">
   <subfield code="a">DMLUC</subfield>
  </datafield>
  <datafield tag="090" ind1=" " ind2=" ">
   <subfield code="a">PS 9993 V5</subfield>
   <subfield code="b">A17 1962b</subfield>
  </datafield>
  <datafield tag="100" ind1="1" ind2=" ">
   <subfield code="a">Villa, Jose Garcia</subfield>
   <subfield code="d">1906-</subfield>
   <subfield code="e">author.</subfield>
  </datafield>
  <datafield tag="245" ind1="1" ind2="0">
   <subfield code="a">Poems in praise of love</subfield>
   <subfield code="b">the best love poems of Jose Garcia Villa.</subfield>
  </datafield>
  <datafield tag="264" ind1=" " ind2="1">
   <subfield code="a">[Quezon City]</subfield>
   <subfield code="b">A.S. Florentino</subfield>
   <subfield code="c">1973, [c1962].</subfield>
  </datafield>
  <datafield tag="300" ind1=" " ind2=" ">
   <subfield code="a">96 pages</subfield>
   <subfield code="c">18 cm.</subfield>
  </datafield>
  <datafield tag="336" ind1=" " ind2=" ">
   <subfield code="a">text</subfield>
   <subfield code="2">rdacontent</subfield>
  </datafield>
  <datafield tag="337" ind1=" " ind2=" ">
   <subfield code="a">unmediated</subfield>
   <subfield code="2">rdamedia</subfield>
  </datafield>
  <datafield tag="338" ind1=" " ind2=" ">
   <subfield code="a">volume</subfield>
   <subfield code="2">rdacarrier</subfield>
  </datafield>
  <datafield tag="490" ind1="1" ind2=" ">
   <subfield code="a">Makata</subfield>
   <subfield code="v">3</subfield>
  </datafield>
  <datafield tag="505" ind1="0" ind2=" ">
   <subfield code="a">Aphorism -- This second is more -- Aphorism -- The coconut poem -- Song of the waiting lover -- Promise -- To a lady going to Antipolo -- To ensnare a proud love -- Aphorism -- Will you always for I can -- Fulfilment -- The night dark and happy -- story -- Song of wood -- Woman arriving into man's life -- Have I sung -- Aphorism -- (Up (in) (a) (tree) -- A song for Rosemarie -- Because, thy, smile, is, primavera -- Roses racing with rabbits -- I demand brilliance -- Poem for violeta -- Descriptional -- Aphorism -- Lovesong -- Song for the first sweetheart -- Pastorale -- I was speaking of oranges -- O three eyen hath God -- Am so very am -- I will break God's seamless skull -- Aphorism -- The nude is to be viewed -- Lover's song -- Lotus -- Aphorism -- Poem for youth -- And, tell, or, the, corners, of, love -- Description of a girl --</subfield>
  </datafield>
  <datafield tag="541" ind1=" " ind2=" ">
   <subfield code="a">FI-6846g donated by Dr. Damiana L. Eugenio.</subfield>
  </datafield>
  <datafield tag="710" ind1="2" ind2=" ">
   <subfield code="a">National Bookstore, Inc.</subfield>
   <subfield code="e">publisher.</subfield>
  </datafield>
  <datafield tag="830" ind1=" " ind2="0">
   <subfield code="a">Makata</subfield>
   <subfield code="v">3</subfield>
  </datafield>
  <datafield tag="842" ind1=" " ind2=" ">
   <subfield code="a">Book</subfield>
  </datafield>
  <datafield tag="905" ind1=" " ind2=" ">
   <subfield code="a">FI</subfield>
  </datafield>
  <datafield tag="852" ind1="0" ind2=" ">
   <subfield code="a">UPD</subfield>
   <subfield code="b">DMLF</subfield>
   <subfield code="h">PS 9993 V5</subfield>
   <subfield code="i">A17 1962b</subfield>
  </datafield>
  <datafield tag="852" ind1="0" ind2=" ">
   <subfield code="a">UPD</subfield>
   <subfield code="b">SWF</subfield>
   <subfield code="h">PS 9993 V5</subfield>
   <subfield code="i">A17 1962b</subfield>
  </datafield>
  <datafield tag="942" ind1=" " ind2=" ">
   <subfield code="a">Book</subfield>
  </datafield>
 </record>
</collection>
